| 000 | 00347nam a22001457a 4500 | ||
|---|---|---|---|
| 008 | 231124b ||||| |||| 00| 0 eng d | ||
| 020 | _a9780813108582 | ||
| 041 | _aeng | ||
| 080 | _a618 | ||
| 082 | _a618THE | ||
| 100 | _a15 | ||
| 101 | _aGJINEK | ||
| 245 |
_aMOTHERS DAUGHTERS IN NINTETEENTH CENTURY AMERICA _cTHERIOT .M.N |
||
| 942 |
_2udc _cBK |
||
| 999 |
_c60512 _d60512 |
||